000 00836nam a2200253 i 4500
001 C2-0217781
003 PPAK
005 20180728110259.0
008 990708s1993 my o|||| ||||| | may d
020 _a983987011
040 _aPPAK
_beng
_cPPAK
_erda
082 0 4 _a305.089923
_2 23
090 0 0 _a305.089923
_bMEL
_dKIH
090 0 0 _a305.089923
_bMEL
_dKK
245 0 0 _aMelayu Baru
_bMonograf & Dokumentasi Gapena 1993
264 1 _aKuala Lumpur :
_bITC Book Publisher ,
_c1993
300 _a169 pages :
_bphotographs ;
_c22 cm
336 _2rdacontent
_atext
337 _2rdamedia
_aunmediated
338 _2rdacarrier
_avolume
500 _aSimposium Melayu Baru
650 1 0 _aMalays - Politics and government - Malaysia. ; Malays - Social conditions - Malaysia. ; Malays - Economics conditions - Malaysia.
942 _ddc
_cB
999 _c160901
_d160901